<?xml version="1.0" encoding="UTF-8"?>
<record
    xmlns:xsi="http://www.w3.org/2001/XMLSchema-instance"
    xsi:schemaLocation="http://www.loc.gov/MARC21/slim http://www.loc.gov/standards/marcxml/schema/MARC21slim.xsd"
    xmlns="http://www.loc.gov/MARC21/slim">

  <leader>01270caa a22001932a 4500</leader>
  <controlfield tag="001">  019765</controlfield>
  <controlfield tag="003">  AR-FADEU</controlfield>
  <controlfield tag="008">  311216n########xxu####################dd</controlfield>
  <datafield tag="092" ind1=" " ind2=" ">
    <subfield code="a">D347.5</subfield>
    <subfield code="b">E83</subfield>
  </datafield>
  <datafield tag="100" ind1=" " ind2=" ">
    <subfield code="a">Fern&#xE1;ndez de la G&#xE1;ndara, Luis</subfield>
  </datafield>
  <datafield tag="245" ind1=" " ind2=" ">
    <subfield code="a">Tradici&#xF3;n y reforma en el mercado de control societario : decimotercera directiva comunitaria y derecho espa&#xF1;ol</subfield>
  </datafield>
  <datafield tag="300" ind1=" " ind2=" ">
    <subfield code="a">PP. 51-80</subfield>
  </datafield>
  <datafield tag="500" ind1=" " ind2=" ">
    <subfield code="a">En: Derecho comercial y de los negocios : sociedades concursos / Ra&#xFA;l An&#xED;bal Etcheverry. Buenos Aires : Eudeba, 2007</subfield>
  </datafield>
  <datafield tag="942" ind1=" " ind2=" ">
    <subfield code="c">BDGR</subfield>
  </datafield>
  <datafield tag="999" ind1=" " ind2=" ">
    <subfield code="c">25491</subfield>
    <subfield code="d">25491</subfield>
  </datafield>
  <datafield tag="773" ind1="0" ind2=" ">
    <subfield code="0">25484</subfield>
    <subfield code="9">24840</subfield>
    <subfield code="a">Etcheverry, Ra&#xFA;l An&#xED;bal</subfield>
    <subfield code="b"></subfield>
    <subfield code="d">Buenos Aires</subfield>
    <subfield code="o">17703</subfield>
    <subfield code="t">Derecho comercial y de los negocios : sociedades concursos</subfield>
    <subfield code="w">(  AR-FADEU)  019758</subfield>
    <subfield code="x"></subfield>
    <subfield code="z">978-950-23-1574-4</subfield>
  </datafield>
  <datafield tag="773" ind1="0" ind2=" ">
    <subfield code="0">25484</subfield>
    <subfield code="9">24841</subfield>
    <subfield code="a">Etcheverry, Ra&#xFA;l An&#xED;bal</subfield>
    <subfield code="b"></subfield>
    <subfield code="d">Buenos Aires</subfield>
    <subfield code="o">17704</subfield>
    <subfield code="t">Derecho comercial y de los negocios : sociedades concursos</subfield>
    <subfield code="w">(  AR-FADEU)  019758</subfield>
    <subfield code="x"></subfield>
    <subfield code="z">978-950-23-1574-4</subfield>
  </datafield>
  <datafield tag="773" ind1="0" ind2=" ">
    <subfield code="0">25484</subfield>
    <subfield code="9">24842</subfield>
    <subfield code="a">Etcheverry, Ra&#xFA;l An&#xED;bal</subfield>
    <subfield code="b"></subfield>
    <subfield code="d">Buenos Aires</subfield>
    <subfield code="o">17705</subfield>
    <subfield code="t">Derecho comercial y de los negocios : sociedades concursos</subfield>
    <subfield code="w">(  AR-FADEU)  019758</subfield>
    <subfield code="x"></subfield>
    <subfield code="z">978-950-23-1574-4</subfield>
  </datafield>
  <datafield tag="773" ind1="0" ind2=" ">
    <subfield code="0">25484</subfield>
    <subfield code="9">24843</subfield>
    <subfield code="a">Etcheverry, Ra&#xFA;l An&#xED;bal</subfield>
    <subfield code="b"></subfield>
    <subfield code="d">Buenos Aires</subfield>
    <subfield code="o">17706</subfield>
    <subfield code="t">Derecho comercial y de los negocios : sociedades concursos</subfield>
    <subfield code="w">(  AR-FADEU)  019758</subfield>
    <subfield code="x"></subfield>
    <subfield code="z">978-950-23-1574-4</subfield>
  </datafield>
</record>
